000 00840nam a22002177a 4500
003 IT-MiCISF
005 20251115235952.0
008 201228b ||||| |||| 00| 0 eng d
040 _cIT-MiCISF
041 _ait
100 _aPaglia Vincenzo (et al.)
_956088
245 _aFamiglia, l'amore che riapre la storia
250 _a"Noi famiglia e vita", n. 253, luglio
260 _c2020
300 _app. 4-36
500 _apastorale-familiare, amoris-laetitia, teologia, spiritualità-familiare, paternità, diritto-di-famiglia
650 _apastorale-familiare
_956039
654 _arivista
700 _aSequeri P., Guenzi P., Pagazzi C., Ciucci A., Quinzi G., Chiodi M.,
_aGrazioli O.R., Rosito V., Rizzoli M., Diriart A., Zanardo S.Salmeri G.,
_aDonatello V., Marengo G., Prandini R., Valentini N.
_958702
942 _2ddc
_cCR
999 _c359095
_d359095